000 00809nam a22002057a 4500
003 JO-AjAnu
005 20260105110313.0
008 260105b jo ||||| |||| 00| 0 ara d
020 _a978-9923-852-03-0
040 _aJO-AjAnu
_bara
_cJO-AjAnu
_dJO-AjAnu
_erda
041 _aara
_hara
050 _aPJ6696
_b2025
100 _aعبابنة، جعفر نايف
_941983
_eمعد
245 0 0 _aفتاوي ودقائق لغوية /
_cإعداد جعفر نايف عبابنة
250 _aالطبعة الأولى
260 _aعمان :
_bمجمع اللغة العربية الأردني
_c2025
300 _a92 صفحة
650 0 0 _aالنحو - علم الصرف - الألفاظ الدخيلة - الإملاء - قواعد اللغة - مجامع اللغة العربية
_966927
942 _2lcc
_cBK
_n0
999 _c34158
_d34158